000 00557nam a2200193Ia 4500
003 LDD
008 181029s9999 xx 000 0 und d
020 _a826461689
_cP 25.00
040 _cLDD
100 _aChryssides, George D.
245 2 _aA Reader in New Religious Movement
_cGeorge D. Chryssides
260 _aNew York
_bContinuum
_c2006
300 _aviii, 432p
365 _bP 25.00
901 _a3611
_b02-01-2007
902 _a1032
_b15-01-2007
_cF
_dAAKAR
_e33
903 _aDiscount-10
_bReqst by : Narayan Prasad
942 _2ddc
_cBK
999 _c77072
_d77072